| 000 | 01091nam a22003017a 4500 | ||
|---|---|---|---|
| 003 | CHAP | ||
| 005 | 20220329140941.0 | ||
| 008 | 971013s1970 r 00010 d | ||
| 010 | _a60292 | ||
| 011 | _a61264 | ||
| 035 | _a65428 | ||
| 040 | _cCHAP | ||
| 082 |
_a632.12 _bR4 |
||
| 100 | 0 | 0 |
_aReyna Trujillo, Teresa de Jesús. _997060 |
| 245 | _aRelaciones entre la sequía intraestival y algunos cultivos en México | ||
| 260 |
_aMéxico, D.F. : _bUniversidad Nacional Autónoma de México, _c1970 |
||
| 300 |
_a64 p. _b; apend. ; mapas |
||
| 590 |
_aBATCH-UPD _b10 _c20130110 _lUCH01 _h1856 |
||
| 590 |
_aBATCH-UPD _b10 _c20130410 _lUCH01 _h1224 |
||
| 590 |
_aBATCH-UPD _b10 _c20130914 _lUCH01 _h1120 |
||
| 590 |
_aCONVERSION _b10 _c20130109 _lUCH01 _h1332 |
||
| 650 | 1 | 4 |
_aCultivos _xEfecto de las sequías. _930255 |
| 901 | _aBK | ||
| 942 | _cLIBRO | ||
| 949 |
_a632.12 R4 _bBC _cLIBRO _d33724000177333 _eLIBRO _fc.4 _h56144 _i65428 _si |
||
| 949 |
_a632.12 R4 _bBC _cLIBRO _d33724000177341 _eLIBRO _fc.3 _h43951 _i65428 _si |
||
| 949 |
_a632.12 R4 _bBC _cLIBRO _d33724000177358 _eLIBRO _fc.2 _h32762 _i65428 _si |
||
| 999 |
_c60292 _d60292 |
||